01720nam a22002777a 45000010005000000030006000050050017000110080041000280200018000690400029000870500008001160820008001241000018001322450434001502600043005843000053006274900041006805050008007215200312007295200149010415210029011905210020012196500122012396500053013617000028014148830FISKH20251022104432.0251022b cb ||||| |||| 00| 0 eng d a9789996346064 aFISKHbkhrcFISKHdFISKH aPZ7 a895 aVichet, Prom  aថ្ងៃចូលរៀនដំបូងរបស់យ៉ា យ៉ា :bYa Ya's first day of school / cសហការនិពន្ធ លោក ឃឹម ចន្ទសុអហំ ,​ លោក ព្រំ វិចិត្រ ,​​ អ្នកស្រី គឹមស៊ុន សុធារី ,​ អ្នកស្រី ឡាយ បូផា​ និង អ្នកស្រី ឃី សៅនី  aPhnom Penh : bReading Books , c2017. a16 pages : bcolor illustrations ; c18*18 cm .  aពិភពកុមារតូច aF  aយ៉ា យ៉ារៀបចំខ្លួនទៅសាលារៀននៅថ្ងៃដំបូង ។ នាងកំពុងរក អាវស ,​ បូចងសក់​​ ,​ ស្រោមជើង , សំពត់​ ,ស្បែកជើង​ ,​ កាតាប​​ ......។ a"Ya Ya is getting ready to go to school on the first day. She is looking for a shirt, hair ties, socks, a skirt, shoes, a schoolbag, and so on."8 a300 bLexile estimate 8 aF bRaz-Plus  aថ្ងៃចូលរៀនដំបូងរបស់យ៉ា យ៉ាvរឿងនិទានកុមារ aYa Ya's first day of schoolvChildren's Stories  aSan, ThaieIllustrator